U. S. trade policies in a changing world economy
Đã lưu trong:
| Hovedforfatter: | |
|---|---|
| Format: | Bog |
| Sprog: | Undetermined |
| Udgivet: |
Cambridge
The MIT Press
1987
|
| Fag: | |
| Tags: |
Tilføj Tag
Ingen Tags, Vær først til at tagge denne postø!
|
| Thư viện lưu trữ: | Trung tâm Học liệu Trường Đại học Cần Thơ |
|---|
| LEADER | 00526nam a2200193Ia 4500 | ||
|---|---|---|---|
| 001 | CTU_81750 | ||
| 008 | 210402s9999 xx 000 0 und d | ||
| 082 | |a 382 | ||
| 082 | |b S839 | ||
| 100 | |a Stern, Robert M. | ||
| 245 | 0 | |a U. S. trade policies in a changing world economy | |
| 245 | 0 | |c Robert M. Stern | |
| 260 | |a Cambridge | ||
| 260 | |b The MIT Press | ||
| 260 | |c 1987 | ||
| 650 | |a United states | ||
| 650 | |x Commercial policy | ||
| 904 | |i Trọng Hải | ||
| 980 | |a Trung tâm Học liệu Trường Đại học Cần Thơ | ||